Le droit des plates-formes de commerce en ligne

Bibliographic Details
Main Author: Vivien, July
Format: eBook
Published: Pars̕: Éditions Universitaires Europěnes, 2019
Subjects:
Online Access:Acceso restringido

MARC

LEADER 00000nam a22000007a 4500
005 20190930225629.0
007 cr|||| ||||
008 190930s2019 fr |||||s|||| 00||0 fra d
020 |a 9786138484738 
035 |a 28860 
040 |a vLex 
090 |c 9679  |d 9679 
100 1 |a Vivien, July 
245 1 2 |a Le droit des plates-formes de commerce en ligne  |h [Recurso electrn̤ico] /  |c July Vivien 
256 |a Servicio en ln̕ea 
260 |a Pars̕:  |b Éditions Universitaires Europěnes,  |c 2019 
300 |a 1 recurso electrn̤ico 
500 |a Vřitable apogě de notre r̈e numřique, le commerce en ligne tend ̉ne devenir qu'une simple formalit ̌pour chacun d'entre nous. Il devient en ce sens plus que jamais capital de s'intřesser au cadre juridique rčemment offert par le lǧislateur aux plates-formes, vȟicules de ce phňomn̈e de sociť.̌ Face ̉un marketing qui se dp̌loie continuellement au service de la sensibilisation de tout type de consommateur, information, lucidit ̌et sčurit ̌constituent les principales ambitions de cette curiosit ̌juridique. 
506 1 |a Disponible solo en los productos indicados  |d vLex Global  |d vLex Global (Academic Edition, excluding Law Schools)  |d vLex Global (U.S. Academic Edition, Law Schools)  |d vLex Global (U.S. Academic Edition, excluding Law Schools)  |d vLex Global (Academic Edition, Law Schools) 
650 0 4 |a Derecho Mercantil y de la Empresa  |z Francia 
740 0 |a vLex Libros (Servicio en ln̕ea) 
856 4 0 |u http://vlex.com/source/28860  |z Acceso restringido 
942 |c BOOK 
999 0 |a Commercial and Business Law